000 nam a22 7a 4500
999 _c140281
_d140279
005 20180424124946.0
008 180424b sp ||||| |||| 00| 0 spa d
020 _a8423128040
050 0 4 _aML1263
_bA45 1985
100 1 _aAlier, Roger.
245 1 3 _aEl concierto
_c/ Roger Alier.
250 _a1a ed.
260 _aBarcelona :
_bEdiciones Daimon,
_c1985.
300 _a152 p. :
_bil. ;
_c18 cm.
490 0 _aQué es y en que consiste.
504 _aIncluye bibliografía.
505 0 _aContenido :
_tOrígenes y evolución histórica. -- Grandes compositores del género. -- Análisis y estructura de la forma.
650 7 _2lemb
_aConciertos
942 _2lcc
_cLIB